| 000 | 00783nam a2200265#a 4500 | ||
|---|---|---|---|
| 001 | 00576 | ||
| 003 | HDC | ||
| 007 | ta | ||
| 008 | 230623s2007 xx 000 0 eng d | ||
| 020 | _a9789836296726 (pbk.). | ||
| 040 | _aHDC | ||
| 050 |
_aBP 184.98 _b.M35 2007 |
||
| 245 | 0 |
_aMalaysia ke arah hab makanan halal dunia / _cNor Aini Hj. Idris ... [et al.] |
|
| 264 |
_aKuala Lumpur : _bDewan Bahasa dan Pustaka, _c2007 |
||
| 300 |
_a234p. : _b il. ; _c 22cm |
||
| 500 | _aIncludes bibliographical references (p.205-217) and index. | ||
| 650 |
_aFood industry and trade _zMalaysia |
||
| 650 |
_aHalal food industry _zMalaysia |
||
| 650 |
_aHalal food _zMalaysia |
||
| 700 | _aNor Aini Hj. Idris | ||
| 942 | _2lcc | ||
| 942 | _cBK | ||
| 942 | _kBP 184.98 | ||
| 942 | _m.M35 2007 | ||
| 999 |
_c22217 _d22217 |
||